| 000 | 00833nam a22001815i 4500 | ||
|---|---|---|---|
| 001 | 154638 | ||
| 003 | ES-MaACL | ||
| 005 | 20251003063134.0 | ||
| 008 | 961110s1861 sp |||| | spa d | ||
| 040 |
_aAS _bspa _cCCPB | SIC |
||
| 100 | 1 |
_aCasas y Quijano, José Gonzalo de las, _d1826-1894 _9127392 |
|
| 245 | 1 | 0 |
_aLey hipotecaria _b: comentarios, formularios y concordancias con los códigos estranjeros / _cpor José Gonzalo de las Casas ; con la cooperación de distinguidos jurisconsultos y notarios españoles, para la aplicación práctica de la misma. |
| 260 |
_aMadrid : _bCentro del Notariado, _c1861 ( _fImprenta de Ramón Campuzano) |
||
| 300 |
_aCXXVI, 816 p. ; _c25 cm. |
||
| 500 | 1 | _aEn port. "Publicacion del Centro del Notariado" | |
| 852 |
_aES-MaACL _jD-3407 _z-- Enc. hol. |
||
| 999 |
_c154638 _d154638 |
||